[Event "COL-ch U18 Girls"]
[Site "Yopal"]
[Date "2012.06.16"]
[Round "7"]
[White "Mercado, Luisa Fernanda"]
[Black "Maldonado Barrera, Lina Eulalia"]
[Result "1/2-1/2"]
[WhiteElo "2109"]
[BlackElo "1847"]
[PlyCount "67"]
[EventDate "2012.06.13"]
[EventType "tourn"]
[EventRounds "9"]
[EventCountry "COL"]
[SourceTitle "EXT 2014"]
[Source "ChessBase"]
[SourceDate "2013.11.20"]
[SourceVersion "1"]
[SourceVersionDate "2013.11.20"]
[SourceQuality "1"]

1. e4 e6 2. b3 c5 3. Bb2 Nc6 4. Nf3 d5 5. exd5 exd5 6. d4 Bg4 7. Be2 cxd4 8. 0-0 Bxf3 9. Bxf3 Nf6 10. Re1+ Be7 11. Ba3 0-0 12. Bxe7 Nxe7 13. Qxd4 Nc6 14. Qa4 Qb6 15. Rd1 Ne5 16. Be2 Rac8 17. Na3 Qc5 18. Nb5 Qxc2 19. Nd4 Qc5 20. Rac1 Qb6 21. Nf5 Rxc1 22. Rxc1 Ne4 23. Qd4 Qf6 24. f4 Qxf5 25. Qxe5 Qxe5 26. fxe5 a6 27. Bf3 f6 28. Bxe4 dxe4 29. exf6 Rxf6 30. Rc8+ Rf8 31. Rxf8+ Kxf8 32. Kf2 Ke7 33. Ke3 Kd6 34. Kxe4 1/2-1/2

[Event "COL-ch U18 Girls"]
[Site "Yopal"]
[Date "2012.06.15"]
[Round "4"]
[White "Maldonado Barrera, Lina Eulalia"]
[Black "Camacho, Lina Marcela"]
[Result "1-0"]
[WhiteElo "1847"]
[BlackElo "1772"]
[PlyCount "63"]
[EventDate "2012.06.13"]
[EventType "tourn"]
[EventRounds "9"]
[EventCountry "COL"]
[SourceTitle "EXT 2014"]
[Source "ChessBase"]
[SourceDate "2013.11.20"]
[SourceVersion "1"]
[SourceVersionDate "2013.11.20"]
[SourceQuality "1"]

1. Nf3 Nf6 2. d4 e6 3. g3 b5 4. Bg2 Bb7 5. 0-0 c5 6. c3 Nc6 7. Re1 b4 8. e4 bxc3 9. bxc3 d5 10. exd5 Nxd5 11. c4 Nb6 12. d5 Ne7 13. dxe6 Qxd1 14. exf7+ Kxf7 15. Rxd1 h6 16. Ne5+ Ke6 17. Bxb7 Rb8 18. Re1 Kf6 19. Bg2 Nf5 20. Bb2 Nd4 21. Nc6 Rc8 22. Nxd4 cxd4 23. Bxd4+ Kf7 24. Bxb6 axb6 25. Bd5+ Kf6 26. Nd2 Bb4 27. Re6+ Kf5 28. Nf1 Bc5 29. Rae1 Rhf8 30. R1e5+ Kg4 31. Rg6+ Kh3 32. Bg2# 1-0

[Event "COL-ch U18 Girls"]
[Site "Yopal"]
[Date "2012.06.14"]
[Round "2"]
[White "Loaiza, Yurani"]
[Black "Maldonado Barrera, Lina Eulalia"]
[Result "1-0"]
[WhiteElo "1914"]
[BlackElo "1847"]
[PlyCount "43"]
[EventDate "2012.06.13"]
[EventType "tourn"]
[EventRounds "9"]
[EventCountry "COL"]
[SourceTitle "EXT 2014"]
[Source "ChessBase"]
[SourceDate "2013.11.20"]
[SourceVersion "1"]
[SourceVersionDate "2013.11.20"]
[SourceQuality "1"]

1. e4 e6 2. d4 d5 3. Nc3 Nf6 4. Bg5 dxe4 5. Nxe4 Be7 6. Bxf6 gxf6 7. Nf3 Nd7 8. Qd2 f5 9. Ng3 Nf6 10. Bd3 a6 11. Ne5 Qd5 12. Ne2 b6 13. Nf4 Qd6 14. 0-0-0 Bb7 15. Rhe1 Rf8 16. Qe2 Nd5 17. Nxd5 Qxd5 18. Bc4 Qa5 19. d5 0-0-0 20. dxe6 Rxd1+ 21. Rxd1 Bf6 22. Nxf7 1-0

[Event "Puerto Boyaca op (Women)"]
[Site "Puerto Boyaca"]
[Date "2012.04.29"]
[Round "6"]
[White "Rojas Castillo, Andrea Lizeth"]
[Black "Maldonado Barrera, Lina Eulalia"]
[Result "0-1"]
[WhiteElo "1748"]
[BlackElo "1830"]
[PlyCount "60"]
[EventDate "2012.04.26"]
[EventType "swiss"]
[EventRounds "9"]
[EventCountry "COL"]
[SourceTitle "CBM 148 Extra"]
[Source "ChessBase"]
[SourceDate "2012.06.22"]
[SourceVersion "1"]
[SourceVersionDate "2012.06.22"]
[SourceQuality "1"]

1. e4 e6 2. d4 d5 3. exd5 exd5 4. Nf3 Bd6 5. Bd3 Nc6 6. Nc3 Nge7 7. Be3 Bg4 8. h3 Bh5 9. Bb5 f6 10. Bxc6+ bxc6 11. 0-0 0-0 12. Re1 Rb8 13. b3 Nf5 14. Bc1 Bb4 15. Bb2 Bxf3 16. Qxf3 Nxd4 17. Qd3 Nb5 18. Re3 Bxc3 19. Bxc3 d4 20. Qc4+ Qd5 21. Qxd5+ cxd5 22. Rd3 Nxc3 23. Re1 Rfe8 24. Ra1 Re2 25. Kf1 Rxc2 26. Rxd4 c6 27. Rd3 Nxa2 28. Ke1 Nb4 29. Rd4 Rc5 30. Kd2 Nc2 0-1

[Event "North Region-ch U18"]
[Site "Cartagena"]
[Date "2012.04.20"]
[Round "4.3"]
[White "Fajardo Murgas, Jossimar David"]
[Black "Maldonado Barrera, Lina Eulalia"]
[Result "1-0"]
[WhiteElo "1777"]
[BlackElo "1830"]
[PlyCount "37"]
[EventDate "2012.04.19"]
[EventType "swiss"]
[EventRounds "6"]
[EventCountry "COL"]
[SourceTitle "EXT 2024"]
[Source "ChessBase"]
[SourceDate "2023.10.10"]
[SourceVersion "1"]
[SourceVersionDate "2023.10.10"]
[SourceQuality "1"]

1. e4 e6 2. d4 d5 3. Nd2 Nf6 4. e5 Nfd7 5. Bd3 c5 6. c3 Nc6 7. Ne2 cxd4 8. cxd4 f6 9. exf6 Qxf6 10. Nf3 Bd6 11. 0-0 h6 12. a3 0-0 13. Ng3 Nb6 14. Bc2 e5 15. dxe5 Nxe5 16. Nxe5 Bxe5 17. Qd3 Bxg3 18. Qh7+ Kf7 19. fxg3 1-0

[Event "North Region-ch U18"]
[Site "Cartagena"]
[Date "2012.04.19"]
[Round "1.9"]
[White "Maldonado Barrera, Lina Eulalia"]
[Black "Gutierrez, Gustavo Adolfo"]
[Result "1-0"]
[WhiteElo "1830"]
[BlackElo "1495"]
[PlyCount "31"]
[EventDate "2012.04.19"]
[EventType "swiss"]
[EventRounds "6"]
[EventCountry "COL"]
[SourceTitle "EXT 2024"]
[Source "ChessBase"]
[SourceDate "2023.10.10"]
[SourceVersion "1"]
[SourceVersionDate "2023.10.10"]
[SourceQuality "1"]

1. Nf3 d5 2. d4 Nf6 3. g3 g6 4. Bg2 Bg7 5. 0-0 0-0 6. b3 Nc6 7. Bb2 Bg4 8. Nbd2 Re8 9. c4 e6 10. Ne5 Nxe5 11. dxe5 Nd7 12. h3 Bf5 13. g4 Be4 14. f3 Bxf3 15. Nxf3 dxc4 16. bxc4 1-0

[Event "COL-ch U20 Girls"]
[Site "Bogota"]
[Date "2012.02.16"]
[Round "3"]
[White "Maldonado Barrera, Lina Eulalia"]
[Black "Cespedes Galindo, Estefania"]
[Result "0-1"]
[WhiteElo "1787"]
[BlackElo "1850"]
[PlyCount "40"]
[EventDate "2012.02.15"]
[EventType "swiss"]
[EventRounds "7"]
[EventCountry "COL"]
[SourceTitle "CBM 147 Extra"]
[Source "ChessBase"]
[SourceDate "2012.04.24"]
[SourceVersion "1"]
[SourceVersionDate "2012.04.24"]
[SourceQuality "1"]

1. Nf3 c5 2. e3 Nf6 3. d4 e6 4. c4 d5 5. cxd5 exd5 6. dxc5 Bxc5 7. Be2 Nc6 8. 0-0 0-0 9. Nc3 d4 10. Na4 Bb6 11. Nxb6 Qxb6 12. exd4 Rd8 13. b3 Nxd4 14. Nxd4 Rxd4 15. Qc2 Qd6 16. Be3 Rd5 17. Rfd1 Qe5 18. Bd4 Rxd4 19. Rxd4 Qxd4 20. Rd1 Qb6 0-1

[Event "Cartagena Iderbol Cup"]
[Site "Cartagena"]
[Date "2011.12.27"]
[Round "4.16"]
[White "Porras Ferreira, William"]
[Black "Maldonado Barrera, Lina Eulalia"]
[Result "0-1"]
[WhiteElo "1600"]
[BlackElo "1787"]
[PlyCount "68"]
[EventDate "2011.12.26"]
[EventType "swiss"]
[EventRounds "7"]
[EventCountry "COL"]
[SourceTitle "EXT 2024"]
[Source "ChessBase"]
[SourceDate "2023.10.10"]
[SourceVersion "1"]
[SourceVersionDate "2023.10.10"]
[SourceQuality "1"]

1. d4 d5 2. c4 c6 3. e3 Nf6 4. Nc3 e6 5. f4 Nbd7 6. Nf3 Be7 7. Bd3 dxc4 8. Bxc4 0-0 9. 0-0 b5 10. Bd3 Bb7 11. Qc2 a6 12. Ne5 Rc8 13. Be4 Nxe4 14. Qxe4 Nf6 15. Qf3 Qb6 16. Bd2 c5 17. dxc5 Bxc5 18. Qg3 Rfd8 19. Bc1 Ne4 20. Qe1 f6 21. Ng4 Rd3 22. f5 Nxc3 23. bxc3 h5 24. Nxf6+ gxf6 25. Qg3+ Kf8 26. Qg6 e5 27. Qxh5 Bxe3+ 28. Bxe3 Qxe3+ 29. Kh1 Qg5 30. Qh8+ Kf7 31. Qh7+ Qg7 32. Qh5+ Ke7 33. Qe2 Rg8 34. Rg1 Rh3 0-1

[Event "Medellin Cuartas Memorial"]
[Site "Medellin"]
[Date "2011.08.06"]
[Round "6"]
[White "Gonzalez, Andres Felipe"]
[Black "Maldonado Barrera, Lina Eulalia"]
[Result "0-1"]
[WhiteElo "1962"]
[BlackElo "1831"]
[PlyCount "42"]
[EventDate "2011.08.03"]
[EventType "swiss"]
[EventRounds "8"]
[EventCountry "COL"]
[SourceTitle "CBM 144 Extra"]
[Source "ChessBase"]
[SourceDate "2011.10.28"]
[SourceVersion "1"]
[SourceVersionDate "2011.10.28"]
[SourceQuality "1"]

1. e4 e6 2. d4 d5 3. e5 c5 4. c3 Nc6 5. Nf3 Qb6 6. a3 Nh6 7. b4 cxd4 8. cxd4 Nf5 9. Be3 Be7 10. Bd3 Nxe3 11. fxe3 0-0 12. 0-0 f6 13. exf6 Bxf6 14. Nc3 g6 15. Na4 Qd8 16. Nc5 e5 17. dxe5 Nxe5 18. Nxe5 Bxe5 19. Rxf8+ Qxf8 20. Qb3 Bxa1 21. Qxd5+ Kh8 0-1

[Event "COL-ch sf (Women)"]
[Site "Santa Rosa"]
[Date "2011.06.24"]
[Round "4"]
[White "Maldonado Barrera, Lina Eulalia"]
[Black "Corrales, Isis Johanna"]
[Result "0-1"]
[WhiteElo "1811"]
[BlackElo "1995"]
[PlyCount "84"]
[EventDate "2011.06.23"]
[EventType "swiss"]
[EventRounds "9"]
[EventCountry "COL"]
[SourceTitle "CBM 143 Extra"]
[Source "ChessBase"]
[SourceDate "2011.08.29"]
[SourceVersion "1"]
[SourceVersionDate "2011.08.29"]
[SourceQuality "1"]

1. Nf3 d5 2. d4 e6 3. g3 Bd6 4. Bg2 f5 5. 0-0 Nf6 6. c4 c6 7. Qc2 0-0 8. Nbd2 Nbd7 9. b3 Ne4 10. Bb2 Rf6 11. Ne5 Rh6 12. Ndf3 Ndf6 13. Nd3 Ng4 14. h3 Nxg3 15. Bc1 Nxf1 16. Bxh6 Nxh6 17. Rxf1 Bd7 18. Nde5 Be8 19. c5 Bc7 20. h4 Bxe5 21. dxe5 Ng4 22. Bh3 Bh5 23. Qd2 h6 24. Qf4 Kf7 25. Rd1 Qe7 26. b4 Rg8 27. Rd4 g5 28. hxg5 hxg5 29. Qg3 Nh6 30. Bg2 Ke8 31. Qh2 Qf7 32. Rd2 Ng4 33. Qg3 Qg7 34. Bh3 Ke7 35. Bxg4 Bxg4 36. Nd4 Rh8 37. f3 Qh6 38. Qg2 Bh3 39. Qg3 Bg4 40. Qg2 Qh4 41. Rd1 Bh3 42. Qh2 g4 0-1

[Event "COL-ch U16 Girls"]
[Site "Cali"]
[Date "2011.05.25"]
[Round "3.5"]
[White "Munoz, Laura Alexandra"]
[Black "Maldonado Barrera, Lina Eulalia"]
[Result "0-1"]
[WhiteElo "1934"]
[BlackElo "1811"]
[PlyCount "62"]
[EventDate "2011.05.25"]
[EventType "tourn"]
[EventRounds "9"]
[EventCountry "COL"]
[SourceTitle "EXT 2024"]
[Source "ChessBase"]
[SourceDate "2023.10.10"]
[SourceVersion "1"]
[SourceVersionDate "2023.10.10"]
[SourceQuality "1"]

1. e4 e6 2. d4 d5 3. Nc3 Nf6 4. Bg5 Be7 5. exd5 exd5 6. Bd3 Nc6 7. Nf3 Bg4 8. Be2 h6 9. Bf4 0-0 10. 0-0 Re8 11. Ne5 Bxe2 12. Nxe2 Bd6 13. Nxc6 bxc6 14. Bxd6 Qxd6 15. Ng3 Rab8 16. b3 Qb4 17. Qd3 c5 18. dxc5 Qxc5 19. Rfe1 c6 20. a4 Qb4 21. Rxe8+ Rxe8 22. h3 d4 23. Qa6 Qc3 24. Rf1 Qxc2 25. Qxa7 d3 26. Qd4 d2 27. Nf5 Re1 28. Ne3 Qc1 29. Qd8+ Kh7 30. Qd3+ g6 31. Qc4 Nd5 0-1

[Event "COL-ch U16 Girls"]
[Site "Cali"]
[Date "2011.05.25"]
[Round "8.3"]
[White "Pachon Gutierrez, Adriana Paola"]
[Black "Maldonado Barrera, Lina Eulalia"]
[Result "1-0"]
[WhiteElo "1976"]
[BlackElo "1811"]
[PlyCount "156"]
[EventDate "2011.05.25"]
[EventType "tourn"]
[EventRounds "9"]
[EventCountry "COL"]
[SourceTitle "EXT 2024"]
[Source "ChessBase"]
[SourceDate "2023.10.10"]
[SourceVersion "1"]
[SourceVersionDate "2023.10.10"]
[SourceQuality "1"]

1. e4 e6 2. d4 d5 3. e5 c5 4. c3 Nc6 5. Nf3 Qb6 6. Bd3 Bd7 7. 0-0 cxd4 8. cxd4 Nxd4 9. Nxd4 Qxd4 10. Nc3 Qb6 11. Kh1 Ne7 12. f4 Ng6 13. f5 Nxe5 14. fxe6 Bxe6 15. Bb5+ Nc6 16. Nxd5 Qd8 17. Re1 Be7 18. Bc4 0-0 19. Nxe7+ Qxe7 20. Bxe6 fxe6 21. Qg4 Rf5 22. Bd2 Raf8 23. h3 e5 24. Rac1 Qf7 25. Be3 Qxa2 26. Bc5 R8f7 27. b4 a6 28. Rcd1 Qe6 29. Kh2 Qg6 30. Qc4 h6 31. Rd6 R5f6 32. Red1 Kh7 33. Rd7 Qf5 34. Rxf7 Rxf7 35. Be3 e4 36. Rd5 Qe6 37. Qc5 b6 38. Qd6 Qxd6+ 39. Rxd6 Nxb4 40. Rxb6 Nd5 41. Rb3 Nxe3 42. Rxe3 Re7 43. Kg3 Kg6 44. Kf4 Kf6 45. Ra3 Re6 46. Ke3 Kg5 47. g3 Kh5 48. Ra5+ g5 49. Ra3 Kg6 50. Ra5 Kf6 51. Rc5 Ke7 52. Ra5 Kd7 53. h4 gxh4 54. gxh4 Kc7 55. Ra2 Kb6 56. Rg2 a5 57. h5 a4 58. Rg6 Rc6 59. Kxe4 a3 60. Rg3 a2 61. Ra3 Rc2 62. Kf5 Rg2 63. Kf4 Rh2 64. Kg4 Rg2+ 65. Kf3 Rh2 66. Kg4 Kb5 67. Ra8 Kb4 68. Kf5 Kb3 69. Ra7 Kb2 70. Rb7+ Kc1 71. Rc7+ Kb1 72. Rb7+ Rb2 73. Rxb2+ Kxb2 74. Kg6 a1Q 75. Kxh6 Qg1 76. Kh7 Kc3 77. h6 Kd4 78. Kh8 Ke5 1-0

[Event "COL-ch IRT U18 Zona North"]
[Site "Bucaramanga"]
[Date "2011.04.01"]
[Round "3.3"]
[White "Maldonado Barrera, Lina Eulalia"]
[Black "Mercado, Luisa Fernanda"]
[Result "0-1"]
[WhiteElo "1833"]
[BlackElo "2056"]
[PlyCount "72"]
[EventDate "2011.03.31"]
[EventType "swiss"]
[EventRounds "6"]
[EventCountry "COL"]
[SourceTitle "EXT 2024"]
[Source "ChessBase"]
[SourceDate "2023.10.10"]
[SourceVersion "1"]
[SourceVersionDate "2023.10.10"]
[SourceQuality "1"]

1. Nf3 d5 2. d4 e6 3. c4 Nf6 4. Nc3 Be7 5. g3 0-0 6. Bg2 Nbd7 7. b3 c6 8. 0-0 b6 9. Re1 Bb7 10. cxd5 cxd5 11. a3 Rc8 12. Bb2 Bd6 13. Rc1 a6 14. Qd2 b5 15. Na2 Ne4 16. Qd3 Qe7 17. b4 Nb6 18. Nc3 Nc4 19. Qb1 Nxa3 20. Bxa3 Nxc3 21. Qb3 Na4 22. Ne5 a5 23. Nd3 Rc4 24. Nc5 axb4 25. Rxc4 dxc4 26. Qxb4 Bxg2 27. Kxg2 Bxc5 28. dxc5 Qb7+ 29. Kg1 Rc8 30. Rc1 Qd7 31. Rb1 c3 32. Qxb5 c2 33. Qxd7 cxb1Q+ 34. Kg2 Qe4+ 35. Kh3 Qc6 36. Qd4 Nxc5 0-1

[Event "Medellin Nales Girls 31th"]
[Site "Medellin"]
[Date "2010.10.10"]
[Round "3.1"]
[White "Maldonado Barrera, Lina Eulalia"]
[Black "Suarez, Maria Alexandra"]
[Result "0-1"]
[WhiteElo "1840"]
[BlackElo "1970"]
[PlyCount "68"]
[EventDate "2010.10.10"]
[EventType "swiss"]
[EventRounds "5"]
[EventCountry "COL"]
[SourceTitle "EXT 2024"]
[Source "ChessBase"]
[SourceDate "2023.10.10"]
[SourceVersion "1"]
[SourceVersionDate "2023.10.10"]
[SourceQuality "1"]

1. Nf3 e6 2. d4 Nf6 3. c4 Bb4+ 4. Bd2 Qe7 5. g3 Nc6 6. Bg2 0-0 7. 0-0 Bxd2 8. Qxd2 d6 9. Nc3 e5 10. e4 Bg4 11. d5 Nb8 12. Rfe1 a5 13. a3 Na6 14. Rab1 Nh5 15. h3 Bd7 16. Qg5 Qxg5 17. Nxg5 h6 18. Nf3 f5 19. Nd2 Nc5 20. b4 axb4 21. axb4 Na4 22. Nxa4 Rxa4 23. Ra1 Rxb4 24. exf5 Nf6 25. g4 Rb2 26. Ne4 Nxe4 27. Bxe4 g6 28. Rab1 Rxb1 29. Rxb1 gxf5 30. Bxf5 Bxf5 31. gxf5 b6 32. Ra1 Rxf5 33. Ra8+ Kg7 34. Rc8 Rf7 0-1

[Event "COL-ch School U17 Girls"]
[Site "Yumbo"]
[Date "2010.04.27"]
[Round "4.1"]
[White "Maldonado Barrera, Lina Eulalia"]
[Black "Chavez, Diana Maria"]
[Result "1-0"]
[WhiteElo "1819"]
[BlackElo "1838"]
[PlyCount "81"]
[EventDate "2010.04.27"]
[EventType "swiss"]
[EventRounds "7"]
[EventCountry "COL"]
[SourceTitle "EXT 2024"]
[Source "ChessBase"]
[SourceDate "2023.10.10"]
[SourceVersion "1"]
[SourceVersionDate "2023.10.10"]
[SourceQuality "1"]

1. Nf3 Nf6 2. d4 c5 3. c4 e6 4. Nc3 d6 5. g3 Nbd7 6. Bg2 Be7 7. 0-0 0-0 8. b3 Rb8 9. e4 b6 10. e5 Ng4 11. h3 cxd4 12. exd6 Bxd6 13. Ne4 Ndf6 14. Nxd6 Qxd6 15. hxg4 e5 16. g5 Ne4 17. Bb2 Bg4 18. Qd3 Bxf3 19. Bxf3 Nxg5 20. Bg2 Ne6 21. Rad1 f5 22. Bd5 Kh8 23. Kg2 Nc7 24. Qf3 Nxd5 25. cxd5 Rf6 26. Rc1 e4 27. Qd1 Qxd5 28. Qxd4 Qf7 29. Qe5 Re8 30. Qc7 f4 31. Bxf6 f3+ 32. Kg1 Qxf6 33. Qd7 Qg6 34. Rc8 Rg8 35. Rfc1 h6 36. Rxg8+ Kxg8 37. Rc8+ Kh7 38. Qe8 Qg4 39. Qg8+ Kg6 40. Rc6+ Kh5 41. Qd5+ 1-0

[Event "COL-ch School U17 Girls"]
[Site "Yumbo"]
[Date "2010.04.27"]
[Round "3.1"]
[White "Mercado, Luisa Fernanda"]
[Black "Maldonado Barrera, Lina Eulalia"]
[Result "1/2-1/2"]
[WhiteElo "2045"]
[BlackElo "1819"]
[PlyCount "127"]
[EventDate "2010.04.27"]
[EventType "swiss"]
[EventRounds "7"]
[EventCountry "COL"]
[SourceTitle "EXT 2024"]
[Source "ChessBase"]
[SourceDate "2023.10.10"]
[SourceVersion "1"]
[SourceVersionDate "2023.10.10"]
[SourceQuality "1"]

1. e4 e6 2. d4 d5 3. exd5 exd5 4. Nf3 Bd6 5. Bd3 Ne7 6. 0-0 Bg4 7. Re1 Nbc6 8. c3 Qd7 9. Nbd2 0-0-0 10. Qa4 a6 11. b4 Na7 12. Qb3 f6 13. a4 g5 14. Ba3 h5 15. b5 a5 16. b6 Nac6 17. bxc7 Qxc7 18. Bxd6 Rxd6 19. Rec1 Bf5 20. Bf1 g4 21. Nh4 Bh7 22. Rd1 Kb8 23. Ra3 Ka8 24. Qb2 Rb8 25. Rb3 Nd8 26. Rc1 Ne6 27. c4 Rc6 28. Re1 b6 29. Rb5 Nf4 30. Re3 dxc4 31. Nxc4 Ned5 32. Reb3 Rxc4 33. Bxc4 Qxc4 34. Rxa5+ Kb7 35. Rc5 Ne2+ 36. Kh1 Qxd4 37. Qxd4 Nxd4 38. Rxd5 Nxb3 39. Rd7+ Kc6 40. Rxh7 Re8 41. g3 Re1+ 42. Kg2 Nd2 43. Rxh5 Ra1 44. Rf5 Ne4 45. Rf4 Rxa4 46. Rxg4 Kd5 47. Nf5 Ke5 48. Ne3 b5 49. Rh4 Nc3 50. Rh5+ Ke6 51. Rc5 b4 52. Nc2 Nd5 53. Rb5 Kd6 54. h4 Kc6 55. Nd4+ Kd6 56. h5 Ra8 57. Kf3 Rh8 58. g4 Rg8 59. Nf5+ Ke6 60. Nd4+ Kd6 61. Nf5+ Ke6 62. h6 Rh8 63. Rb7 Rg8 64. Ke4 1/2-1/2